<?xml version="1.0" encoding="UTF-8"?>
<collection xmlns="http://www.loc.gov/MARC21/slim">
 <record>
  <leader>04852nam a2200385 a 4500</leader>
  <controlfield tag="001">kal4225</controlfield>
  <controlfield tag="003">Gr-AtHEAL</controlfield>
  <controlfield tag="005">20160505150134.0</controlfield>
  <controlfield tag="006">m        d        </controlfield>
  <controlfield tag="008">160413s2015    gr      s           gre|c</controlfield>
  <datafield tag="020" ind1=" " ind2=" ">
   <subfield code="a">9789606031571</subfield>
  </datafield>
  <datafield tag="040" ind1=" " ind2=" ">
   <subfield code="a">GR-AtHEAL</subfield>
   <subfield code="b">gre</subfield>
   <subfield code="c">GR-AtHEAL</subfield>
  </datafield>
  <datafield tag="082" ind1="0" ind2="4">
   <subfield code="a">006.3</subfield>
   <subfield code="2">23</subfield>
  </datafield>
  <datafield tag="100" ind1="1" ind2=" ">
   <subfield code="a">Στάμου, Γεώργιος.</subfield>
   <subfield code="8">2511</subfield>
  </datafield>
  <datafield tag="245" ind1="1" ind2="0">
   <subfield code="a">Αναπαράσταση οντολογικής γνώσης και συλλογιστική</subfield>
   <subfield code="h">[Ηλεκτρονικός πόρος] </subfield>
   <subfield code="c">Στάμου, Γεώργιος ; Κριτικός αναγνώστης,Σταφυλοπάτης, Ανδρέας Γεώργιος ; Τεχνική επιμέλεια,Χορταράς, Αλέξανδρος ; Γλωσσική επιμέλεια,Χορταράς, Αλέξανδρος.</subfield>
  </datafield>
  <datafield tag="260" ind1=" " ind2=" ">
   <subfield code="a">Αθήνα :</subfield>
   <subfield code="b">Σύνδεσμος Ελληνικών Ακαδημαϊκών Βιβλιοθηκών,</subfield>
   <subfield code="c">c2015.</subfield>
  </datafield>
  <datafield tag="490" ind1=" " ind2=" ">
   <subfield code="a">Ακαδημαϊκά Ηλεκτρονικά Συγγράμματα και Βοηθήματα Κάλλιπος</subfield>
   <subfield code="8">40</subfield>
  </datafield>
  <datafield tag="505" ind1=" " ind2=" ">
   <subfield code="a">1. Aναπαράσταση γνώσης και συλλογιστική2. Οντολογίες και περιγραφικές λογικές3. Αυτόματη συλλογιστική σε οντολογίες4. Πρόσβαση σε δεδομένα με χρήση οντολογιών5. Σημασιολογικά δεδομένα και παγκόσμιος ιστός</subfield>
  </datafield>
  <datafield tag="520" ind1=" " ind2=" ">
   <subfield code="a">Το βιβλίο απευθύνεται σε προπτυχιακούς και μεταπτυχιακούς φοιτητές που μελετούν θέματα αναπαράστασης γνώσης και συλλογιστικής με χρήση Περιγραφικών Λογικών. Επιπλέον, απευθύνεται σε επαγγελματίες του χώρου του Σημασιολογικού Ιστού που επιθυμούν να αποκτήσουν το απαραίτητο θεωρητικό υπόβαθρο και σε βάθος κατανόηση του αντικειμένου, των δυνατοτήτων και των περιορισμών της αναπαράστασης και χρήσης σημασιολογικών δεδομένων και οντολογικής γνώσης στον Παγκόσμιο Ιστό. Για την κατανόηση των εννοιών που παρουσιάζονται δεν θα απαιτείται προηγούμενη γνώση των μεθόδων της Τεχνητής Νοημοσύνης, καθώς ο αναγνώστης θα εισάγεται, στο πλαίσιο του βιβλίου, στο απαραίτητο υπόβαθρο των βασικών τεχνολογιών αναπαράστασης γνώσης και συλλογιστικής. Συγκεκριμένα, ο χρήστης θα μπορεί να βρει στο προτεινόμενο βιβλίο υλικό για τα εξής θέματα:- Μοντέλα τυπικής αναπαράστασης γνώσης και συλλογιστικής - Σύνταξη και σημασιολογία των Περιγραφικών Λογικών- Συλλογιστική στις Περιγραφικές Λογικές- Σημασιολογική πρόσβαση σε δεδομένα- Μηχανική γνώσης (ανάπτυξη σημασιολογικών δεδομένων και ορολογιών)- Τεχνολογίες αναπαράστασης γνώσης στον Παγκόσμιο Ιστό</subfield>
  </datafield>
  <datafield tag="650" ind1=" " ind2="0">
   <subfield code="a">Knowledge representation (Information theory)</subfield>
   <subfield code="8">2798</subfield>
  </datafield>
  <datafield tag="650" ind1=" " ind2="0">
   <subfield code="a">Ontologies (Information retrieval)</subfield>
   <subfield code="8">2799</subfield>
  </datafield>
  <datafield tag="653" ind1=" " ind2=" ">
   <subfield code="a">Αναπαράσταση γνώσης και συλλογιστική</subfield>
  </datafield>
  <datafield tag="653" ind1=" " ind2=" ">
   <subfield code="a">Σημασιολογία</subfield>
  </datafield>
  <datafield tag="653" ind1=" " ind2=" ">
   <subfield code="a">Συλλογιστική</subfield>
  </datafield>
  <datafield tag="653" ind1=" " ind2=" ">
   <subfield code="a">Σημασιολογικός ιστός</subfield>
  </datafield>
  <datafield tag="653" ind1=" " ind2=" ">
   <subfield code="a">Περιγραφικές λογικές</subfield>
  </datafield>
  <datafield tag="653" ind1=" " ind2=" ">
   <subfield code="a">Οντολογίες</subfield>
  </datafield>
  <datafield tag="653" ind1=" " ind2=" ">
   <subfield code="a">Επιστήμη υπολογιστών/Πληροφορική</subfield>
   <subfield code="a">Ευφυή συστήματα</subfield>
  </datafield>
  <datafield tag="653" ind1=" " ind2=" ">
   <subfield code="a">Επιστήμη υπολογιστών/Πληροφορική</subfield>
   <subfield code="a">Ευφυή συστήματα</subfield>
   <subfield code="a">Βασική αναπαράσταση γνώσης και συλλογιστική</subfield>
  </datafield>
  <datafield tag="700" ind1="1" ind2=" ">
   <subfield code="a">Σταφυλοπάτης, Ανδρέας Γεώργιος</subfield>
   <subfield code="e">Κριτικός αναγνώστης</subfield>
   <subfield code="8">2512</subfield>
  </datafield>
  <datafield tag="856" ind1="4" ind2="0">
   <subfield code="u">http://hdl.handle.net/11419/4225</subfield>
   <subfield code="z">Πλήρες Κείμενο - Full text</subfield>
  </datafield>
  <datafield tag="907" ind1=" " ind2=" ">
   <subfield code="a">.b25678760</subfield>
   <subfield code="b">12-06-18</subfield>
   <subfield code="c">29-07-16</subfield>
  </datafield>
  <datafield tag="949" ind1=" " ind2=" ">
   <subfield code="0">0</subfield>
   <subfield code="1">0</subfield>
   <subfield code="2">ddc</subfield>
   <subfield code="4">0</subfield>
   <subfield code="6">006_300000000000000_ΣΤΑ</subfield>
   <subfield code="7">0</subfield>
   <subfield code="8">KALL</subfield>
   <subfield code="8">635</subfield>
   <subfield code="d">2016-04-13</subfield>
   <subfield code="r">2016-04-13</subfield>
   <subfield code="w">2016-04-13</subfield>
   <subfield code="z">006.3 ΣΤΑ</subfield>
   <subfield code="o">SEAB KALLIPOS</subfield>
  </datafield>
  <datafield tag="998" ind1=" " ind2=" ">
   <subfield code="a">80</subfield>
   <subfield code="a">01</subfield>
   <subfield code="a">02</subfield>
   <subfield code="a">03</subfield>
   <subfield code="a">04</subfield>
   <subfield code="a">05</subfield>
   <subfield code="a">06</subfield>
   <subfield code="a">07</subfield>
   <subfield code="a">08</subfield>
   <subfield code="a">09</subfield>
   <subfield code="a">10</subfield>
   <subfield code="a">11</subfield>
   <subfield code="a">12</subfield>
   <subfield code="a">13</subfield>
   <subfield code="a">14</subfield>
   <subfield code="a">15</subfield>
   <subfield code="a">16</subfield>
   <subfield code="a">17</subfield>
   <subfield code="a">18</subfield>
   <subfield code="a">19</subfield>
   <subfield code="a">20</subfield>
   <subfield code="a">21</subfield>
   <subfield code="a">22</subfield>
   <subfield code="a">23</subfield>
   <subfield code="a">24</subfield>
   <subfield code="a">25</subfield>
   <subfield code="a">26</subfield>
   <subfield code="b">12-05-17</subfield>
   <subfield code="c">m</subfield>
   <subfield code="d">z  </subfield>
   <subfield code="e">-</subfield>
   <subfield code="f">gre</subfield>
   <subfield code="g">gr </subfield>
   <subfield code="h">0</subfield>
  </datafield>
  <datafield tag="942" ind1=" " ind2=" ">
   <subfield code="2">ddc</subfield>
   <subfield code="c">KALLIPOS</subfield>
  </datafield>
 </record>
</collection>
